Сонеты

Бібліографічні деталі
Автор: Шекспир У. (В.) Уильям (Вильям)
Інші автори: Маршак С. Я. Самуил Яковлевич (переводчик), Аникст А. (автор предисловия), Голощапов С. К. (иллюстратор)
Мова:Російська
Опубліковано: Хабаровск, Хабаровское кн. изд-во, 1987
Предмети:
Формат: Книга
KOHA link:https://koha.lib.tpu.ru/cgi-bin/koha/opac-detail.pl?biblionumber=244642

MARC

LEADER 00000nam0a2200000 4500
001 244642
005 20231101232051.0
010 |b 100000 экз. 
035 |a (RuTPU)RU\TPU\book\266030 
090 |a 244642 
100 |a 20131024d1987 m y0rusy50 ca 
101 1 |a rus  |c eng 
102 |a RU 
105 |a ac z 001gy 
200 1 |a Сонеты  |f У. (В.) Шекспир  |g пер. с англ. С. Я. Маршака ; авт. предисл. и примеч. А. Аникст ; худож. С. К. Голощапов 
210 |a Хабаровск  |c Хабаровское кн. изд-во  |d 1987 
215 |a 224 с.  |c ил., портр.  |d 14,5 см. 
320 |a Примечания: с. 197-216. 
606 1 |a Английская литература  |2 stltpush  |3 (RuTPU)RU\TPU\subj\29042  |9 52454 
610 1 |a поэзия 
610 1 |a лирика 
610 1 |a 16 век 
610 1 |a 17 век 
610 1 |a миниатюрные издания 
675 |a 82  |v 3 
686 |a Ч611.68  |v LBC/SL-A  |2 rubbk 
700 1 |a Шекспир  |b У. (В.)  |c английский драматург  |c поэт  |f 1564-1616  |g Уильям (Вильям)  |2 stltpush  |3 (RuTPU)RU\TPU\pers\4951  |9 1051 
702 1 |a Маршак  |b С. Я.  |c российский детский писатель, поэт, переводчик  |f 1887-1964  |g Самуил Яковлевич  |2 stltpush  |3 (RuTPU)RU\TPU\pers\7202  |4 730  |9 1347 
702 1 |a Аникст  |b А.  |4 080 
702 1 |a Голощапов  |b С. К.  |4 440 
801 1 |a RU  |b 63413507  |c 20131024 
801 2 |a RU  |b 63413507  |c 20191120  |g RCR 
942 |c BK